000 00407nam a2200133Ia 4500
008 220204s9999 xx 000 0 und d
020 _a0195699661
082 _a339.542.6
_bBHA
100 _aBhagwati, Jagdish
245 0 _aTermites in the trading system: How preferential agreements undermine free trade
260 _aOxford
_bOxford University Press
_c2008
650 _aWorld trading system
942 _cBK
999 _c42869
_d42869